000 00593nam a22002177a 4500
003 LK-CoMWRAF
005 20231231120536.0
008 231118b |||||||| |||| 00| 0 eng d
020 _a9558464281
040 _aLK-CoMWRAF
_dLK-CoMWRAF
_eLK-CoMWRAF
041 _asin
082 _a891.483
_bKAR
100 _aකරලියද්දේ. සමන්
_vKaraliyadde, Saman
245 _aඅපූරු හීනය
246 _aApooru heenaya
260 _aAanamaduwa:
_bThothanna,
_c2004
300 _a16 p.
650 _aSINHALA FICTION
650 _aChildren's fiction
942 _cBK
999 _c4141
_d4141